| 000 | 00890na a2200277 4500 | ||
|---|---|---|---|
| 001 | 18034 | ||
| 003 | MIRAKIL | ||
| 005 | 20181213154855.0 | ||
| 008 | 161109b tu 000 0 | ||
| 020 | _a9786053327400 | ||
| 040 |
_aMilas _btur _cTR-AnCHP |
||
| 041 | _atur | ||
| 082 |
_a823.912 _bB86d 2016 |
||
| 090 | _a823.912 B86d 2016 | ||
| 100 | _aBurgess, Anthony | ||
| 245 |
_aDoktor hastalandı _cAnthony Burgess ; İngilizce aslından çeviren Can Moralı |
||
| 260 |
_aİstanbul _bTürkiye İş Bankası Kültür Yayınları _c2016 |
||
| 300 |
_a259 s. _c20 sm. |
||
| 440 |
_aTürkiye İş Bankası Kültür yayınları _p3540 |
||
| 490 |
_aModern Klasikler dizisi _v73 |
||
| 500 | _aÖzgün yapıt adı: The doctor is sick | ||
| 650 |
_aİngiliz romanı _xTürkçeye çeviriler |
||
| 650 |
_aİngiliz edebiyatı _xRoman |
||
| 657 | _aPsikolojik roman | ||
| 942 |
_2ddc _cBKS |
||
| 999 |
_c2378 _d2378 |
||